| 000 | 00575nam a2200145Ia 4500 | ||
|---|---|---|---|
| 008 | 151213s9999 xx 000 0 und d | ||
| 100 | _aওয়াকিল আহমদ। | ||
| 245 |
_aবাঙালীর দর্শন চিন্তা। _cওয়াকিল আহমদ। |
||
| 260 |
_aঢাকা _bএশিয়াটিক সোসাইটি অব বাংলাদেশ। _c1992 |
||
| 300 | _a8836 p. | ||
| 650 | _aBangla | ||
| 650 | _aআলোচনা গ্রন্থ। | ||
| 700 | _aওয়াকিল আহমদ। | ||
| 999 |
_c4621 _d4621 |
||